000 00714nam a2200217 a 4500
005 20140412111320.0
008 001208s19uu xx 00 eng d
020 _a0-7235-4450-6
050 _aER
_bPo78 1990
100 _aBlyton, Enid
245 _aPoor Mister Booh /
_cEnid Blyton ; illustrated by Edgar Hodges.
260 _aManchester :
_bWorld International Pub. Ltd,
_c1990.
300 _a1 v. (unp.) ; ill.
440 _aLittle Owl Storytime
520 _aMister Booh likes to eath things which make him fat. One day he makes a silly mistake and he starts to eat even more.
650 _aChildren stories
650 _aGluttony--Fiction
999 _c104367
_d104367